Els nous ravals igualadins (1745-1835)
Descripción Física:
152 p. il. ; 30 cm.
Idioma:
Catalán
MARC
| LEADER | 00000nam a22000007a 4500 | ||
|---|---|---|---|
| 001 | 25092 | ||
| 003 | Arxiu | ||
| 005 | 20260324180724.0 | ||
| 008 | 211221b spa||||| |||| 00| 0 cat d | ||
| 100 | |9 52441 |a Jorba i Serra, Xavier | ||
| 245 | |a Els nous ravals igualadins (1745-1835) | ||
| 260 | |a Igualada : |b Arxiu Comarcal de l'Anoia, |c 2020 | ||
| 300 | |a 152 p. |b il. ; |c 30 cm. | ||
| 942 | |2 udc |c ARXIU |n 1 | ||
| 952 | |0 0 |1 0 |4 0 |6 BIB371 |7 1 |9 60910 |a Arxiu |b Arxiu |d 2021-12-21 |l 0 |o Bib-371 |p 25092 |r 2021-12-21 00:00:00 |w 2021-12-21 |y ARXIU |z Donació de Marta Vives. | ||
| 999 | |c 81037 |d 81037 | ||